ბათუმის შოთა რუსთაველის სახელმწიფო უნივერსიტეტის ბიბლიოთეკა

ტრადიციული ხალხური სამზარეულო სამცხე-ჯავახეთში = Традиционная народная кухня в Самцхе-Джавахети = Traditionall Folk Ciusine in Samtskhe-Javakheti / (ბიბ.ჩანაწერი № 58923)

000 -ლიდერი
ფიქსირებული სიგრძის საკონტროლო ველი 02064nam a22002417a 4500
003 - საკონტროლო ნომრის იდენტიფიკატორი
საკონტროლო ველი Ge_BSU
005 - ბოლო ოპერაციის თარიღი და დრო
საკონტროლო ველი 20221107122056.0
008 - ფიქსირებული სიგრძის მონაცემთა ელემენტები - ზოგადი ინფორმაცია
ფიქსირებული სიგრძის საკონტროლო ველი 221019s2020 ge ||||| |||| 00| 0 geo d
020 ## - წიგნის საერთაშორისო სტანდარტული ნომერი
International Standard Book Number 9789941969447x
041 ## - ენის კოდი
Language code of text/sound track or separate title geo
080 ## - უნივერსალური ათობითი კლასიფიკაციის ინდექსი
Universal Decimal Classification number 641.55/56(479.22) ი-38
100 ## - მთავარი ჩანაწერი - პიროვნების სახელი
Personal name იველაშვილი, თინა
9 (RLIN) 558
245 ## - ცნობა სათაურის შესახებ
Title ტრადიციული ხალხური სამზარეულო სამცხე-ჯავახეთში = Традиционная народная кухня в Самцхе-Джавахети = Traditionall Folk Ciusine in Samtskhe-Javakheti /
Statement of responsibility, etc თინა იველაშვილი ; რედაქტორი გულნარა ჯანოვა ; ტექსტი რუსულად თარგმნა ირინა ჯიშკარიანმა ; ტექსტი ინგლისურად თარგმნა გულნარა ჯანოვამ ; დიზაინერ-დამკაბადონებელი გიორგი კაკაბაძე.
264 ## - წარმოების, გამოცემის, დისტრიბუციის და სხვა ცნობები
გამოცემის, წარმოების, დისტრიბუციის... ადგილი თბილისი :
გამოცემის, წარმოების, დისტრიბუციის... სახელწოდება აკადემიური წიგნი,
გამოცემის, წარმოების, დისტრიბუციის... თარიღი 2020.
300 ## - ფიზიკური აღწერა
Extent 356 გვ. : ილ. ;
Other physical details 21 სმ.
500 ## - ზოგადი შენიშვნა
General note გარეკანი, თავფურცელი და ტექსტი ქართულ, რუსულ და ინგლისურ ენებზე.
წიგნი გამოიცა შპს "კევრ"-ის ფინანსური მხარდაჭერით.
504 ## - BIBLIOGRAPHY, ETC. NOTE
Bibliography, etc ბიბლიოგრაფია: გვ. 356.
653 ## - INDEX TERM--UNCONTROLLED
Uncontrolled term ქართული ტრადიციული სამზარეულო.
700 ## - ADDED ENTRY--PERSONAL NAME
Personal name ჯანოვა, გულნარა
Relator term რედაქტორი, მთარგმნელი
9 (RLIN) 15366
700 ## - ADDED ENTRY--PERSONAL NAME
Personal name ჯიშკარიანი, ირინა
Relator term მთარგმნელი
9 (RLIN) 15367
700 ## - ADDED ENTRY--PERSONAL NAME
Personal name კაკაბაძე, გიორგი
Relator term დიზაინერი
9 (RLIN) 15368
942 ## - ADDED ENTRY ELEMENTS (KOHA)
Source of classification or shelving scheme
Koha item type წიგნი
ეგზემპლარები
ჩამოწერის სტატუსი დაკარგული ეგზემპლარის სტატუსი კლასიფიკაციის წყარო ან თაროზე გაწყობის სქემა დაზიანების სტატუსი არ გაიცემა მუდმივი მდებარეობა (დაცვის ადგილი) ამჟამინდელი ადგილსამყოფელი თაროზე განთავსების ადგილი შეძენის თარიღი ღირებულება, შესყიდვის ნორმალური ფასი სრული შენახვის შიფრი შტრიხკოდი ბოლო ოპერაციის თარიღი ეგზემპლარის მიმდევრობითი ნომერი (კეტერი?) ფასის ძალაში შესვლის თარიღი ეგზემპლარის სახეობა საჯარო შენიშვნა
          ბათუმის შოთა რუსთაველის სახელმწიფო უნივერსიტეტის მთავარი ბიბლიოთეკა ბათუმის შოთა რუსთაველის სახელმწიფო უნივერსიტეტის მთავარი ბიბლიოთეკა წიგნსაცავი 2022-10-19 8.00 641.55/56(479.22) ი-38 63104 2022-10-19 63104 2022-10-19 წიგნი 8 ლ.